[Event "Steyr Landesliga 1617"]
[Site "Austria"]
[Date "2016.10.15"]
[Round "2.7"]
[White "Pretterhofer, Kiaras"]
[Black "Lipp, Raimund"]
[Result "1/2-1/2"]
[WhiteElo "2006"]
[BlackElo "1931"]
[PlyCount "29"]
[EventDate "2016.10.01"]
[EventType "team-tourn"]
[EventRounds "11"]
[EventCountry "AUT"]
[SourceTitle "CBM 175 Extra"]
[Source "ChessBase"]
[SourceDate "2016.12.12"]
[SourceVersion "1"]
[SourceVersionDate "2016.12.12"]
[SourceQuality "1"]
[WhiteTeam "Schachfreunde"]
[BlackTeam "Frauental Strassenbahn"]
[WhiteTeamCountry "AUT"]
[BlackTeamCountry "AUT"]

1. Nf3 d5 2. d4 Nf6 3. c4 e6 4. g3 Bb4+ 5. Bd2 Be7 6. Bg2 0-0 7. Qc2 Ne4 8. cxd5 Nxd2 9. Nbxd2 exd5 10. 0-0 Nd7 11. Rac1 c6 12. Rfe1 Nf6 13. Ne5 g6 14. Qb3 Qb6 15. Qxb6 1/2-1/2

[Event "Steyr Landesliga 1617"]
[Site "Austria"]
[Date "2016.10.01"]
[Round "1.7"]
[White "Lipp, Raimund"]
[Black "Oswald, Heinz"]
[Result "1/2-1/2"]
[WhiteElo "1931"]
[BlackElo "1987"]
[PlyCount "47"]
[EventDate "2016.10.01"]
[EventType "team-tourn"]
[EventRounds "11"]
[EventCountry "AUT"]
[SourceTitle "CBM 175 Extra"]
[Source "ChessBase"]
[SourceDate "2016.12.12"]
[SourceVersion "1"]
[SourceVersionDate "2016.12.12"]
[SourceQuality "1"]
[WhiteTeam "Frauental Strassenbahn"]
[BlackTeam "Leibnitz"]
[WhiteTeamCountry "AUT"]
[BlackTeamCountry "AUT"]

1. d4 d5 2. c4 e5 3. Nf3 e4 4. Nfd2 Nf6 5. e3 c6 6. Nc3 Bd6 7. Be2 0-0 8. c5 Bc7 9. b4 Bf5 10. a4 b6 11. Nb3 bxc5 12. dxc5 Qd7 13. Nd4 Bg4 14. h3 Bxe2 15. Qxe2 a6 16. Bb2 Be5 17. 0-0 Bxd4 18. exd4 Rc8 19. b5 axb5 20. axb5 Rxa1 21. Rxa1 cxb5 22. Nxb5 Nc6 23. Bc1 h6 24. Bf4 1/2-1/2

[Event "Steyr Landesliga 1516"]
[Site "Austria"]
[Date "2015.11.07"]
[Round "4.7"]
[White "Lipp, Raimund"]
[Black "Lichtenegger, Wolfram"]
[Result "1-0"]
[WhiteElo "1903"]
[BlackElo "1740"]
[PlyCount "79"]
[EventDate "2015.09.26"]
[EventType "team-tourn"]
[EventRounds "11"]
[EventCountry "AUT"]
[SourceTitle "CBM 170 Extra"]
[Source "ChessBase"]
[SourceDate "2016.02.25"]
[SourceVersion "1"]
[SourceVersionDate "2016.02.25"]
[SourceQuality "1"]
[WhiteTeam "Frauental Strassenbahn"]
[BlackTeam "Spg ISR"]
[WhiteTeamCountry "AUT"]
[BlackTeamCountry "AUT"]

1. d4 d5 2. Nf3 Nf6 3. c4 e6 4. e3 b6 5. b3 Bb7 6. Bd3 g6 7. 0-0 Bg7 8. Bb2 0-0 9. Nc3 Nbd7 10. Qe2 a6 11. Rfd1 c5 12. Ne5 Qc7 13. Rac1 Nxe5 14. dxe5 Ne4 15. f4 Nxc3 16. Bxc3 dxc4 17. Bxc4 b5 18. Bd3 Qe7 19. Ba5 f6 20. exf6 Bxf6 21. Bb6 Rfc8 22. a4 b4 23. a5 Bc3 24. Bc4 Kg7 25. Qg4 Rc6 26. Rd3 Rf8 27. Rcd1 Bc8 28. Bxa6 h5 29. Qf3 Qe8 30. Rd8 Qe7 31. Bxc8 Rxc8 32. R8d7 Rf7 33. Rxe7 Rxe7 34. a6 e5 35. fxe5 Rf7 36. Qe4 Re7 37. a7 Rxe5 38. Rd7+ Kh8 39. Qf4 Rg5 40. Bd8 1-0

[Event "Steyr Landesliga 1516"]
[Site "Austria"]
[Date "2015.09.26"]
[Round "1.7"]
[White "Meglitsch, Konstantin"]
[Black "Lipp, Raimund"]
[Result "1-0"]
[WhiteElo "2033"]
[BlackElo "1903"]
[PlyCount "83"]
[EventDate "2015.09.26"]
[EventType "team-tourn"]
[EventRounds "11"]
[EventCountry "AUT"]
[SourceTitle "EXT 2017"]
[Source "ChessBase"]
[SourceDate "2016.10.25"]
[SourceVersion "1"]
[SourceVersionDate "2016.10.25"]
[SourceQuality "1"]
[WhiteTeam "Leibnitz Software"]
[BlackTeam "Frauental Strassenbahn"]
[WhiteTeamCountry "AUT"]
[BlackTeamCountry "AUT"]

1. e4 g6 2. d4 Bg7 3. Nc3 c5 4. Be3 Qb6 5. Nd5 Qd8 6. Qd2 Nc6 7. Nf3 e6 8. Nc3 d5 9. exd5 exd5 10. Bb5 c4 11. 0-0 Nge7 12. Rfe1 0-0 13. Bxc6 Nxc6 14. Bh6 Bf5 15. Bxg7 Kxg7 16. Re3 b5 17. Ne5 Nxe5 18. Rxe5 Be6 19. Rae1 b4 20. Nd1 Qa5 21. R1e3 Rae8 22. Rg3 f5 23. Rh3 f4 24. Rh4 c3 25. bxc3 bxc3 26. Qxc3 Qxc3 27. Nxc3 Rc8 28. Rxe6 Rxc3 29. Re7+ Kf6 30. Re2 Rb8 31. h3 Rb2 32. Rxf4+ Kg5 33. Rg4+ Kh6 34. Rh4+ Kg5 35. Rxh7 Rxa2 36. Re5+ Kf6 37. g4 g5 38. Rh6+ Kg7 39. Rd6 Rcxc2 40. Re7+ Kf8 41. Rb7 Ke8 42. Rh6 1-0

[Event "Graz op-B 18th"]
[Site "Graz"]
[Date "2011.08.31"]
[Round "5"]
[White "Lipp, Raimund"]
[Black "Koeberl, Christian"]
[Result "1-0"]
[WhiteElo "1858"]
[BlackElo "1625"]
[PlyCount "67"]
[EventDate "2011.08.27"]
[EventType "swiss"]
[EventRounds "9"]
[EventCountry "AUT"]
[SourceTitle "EXT 2022"]
[Source "ChessBase"]
[SourceDate "2021.10.06"]
[SourceVersion "1"]
[SourceVersionDate "2021.10.06"]
[SourceQuality "1"]

1. d4 Nf6 2. Nf3 g6 3. g3 Bg7 4. Bg2 0-0 5. 0-0 d6 6. c4 Nbd7 7. Nc3 e5 8. e4 c6 9. Re1 Re8 10. h3 Qb6 11. Re2 Nh5 12. Be3 Qb4 13. Rc2 exd4 14. Nxd4 Ne5 15. b3 Be6 16. Rac1 Qa5 17. Rd2 Rad8 18. Kh2 a6 19. Nce2 Qc7 20. Nf4 Nxf4 21. gxf4 Nd7 22. Kg1 Nf8 23. Qf3 f5 24. Qg3 Kh8 25. Rcd1 Qe7 26. h4 fxe4 27. Bxe4 Bf6 28. h5 Bh4 29. Qh2 Bg4 30. Bf3 Bxh5 31. Bxh5 gxh5 32. Nf5 Bxf2+ 33. Rxf2 Qf7 34. Bd4+ 1-0

[Event "Graz op-B"]
[Site "Graz"]
[Date "2008.08.30"]
[Round "1"]
[White "Lipp, Raimund"]
[Black "Liebmann, Mario"]
[Result "0-1"]
[WhiteElo "1921"]
[BlackElo "1737"]
[PlyCount "44"]
[EventDate "2008.08.30"]
[EventType "swiss"]
[EventRounds "9"]
[EventCountry "AUT"]
[SourceTitle "EXT 2022"]
[Source "ChessBase"]
[SourceDate "2021.10.06"]
[SourceVersion "1"]
[SourceVersionDate "2021.10.06"]
[SourceQuality "1"]

1. e4 c5 2. Nf3 d6 3. d4 cxd4 4. Nxd4 Nf6 5. Nc3 a6 6. Bg5 e6 7. Qd2 Nbd7 8. 0-0-0 h6 9. Bxf6 Nxf6 10. f4 Qc7 11. Bd3 Be7 12. Rhg1 b5 13. g4 Qb6 14. Kb1 Bb7 15. g5 hxg5 16. fxg5 Nd7 17. Nce2 d5 18. g6 dxe4 19. gxf7+ Kxf7 20. Qf4+ Nf6 21. Qg5 Rh7 22. Qg6+ Kg8 0-1